000 00571nam a2200229Ia 4500
003 OSt
005 20221007071946.0
006 a|||||r|||| 00| 0
007 ta
008 221006b |||||||| |||| 00| 0 eng d
024 _a21,415
037 _cTextual
040 _aFLL
_cFLL
_beng
041 _2eng
_aeng
082 _aMV4:Z3, F9
245 0 _aManual of military law
250 _a7th
260 _aLondon
_bMajesty'sstationery office U.K
_c1929
300 _axii,1068p
_ccm.
942 _hMV4:Z3, F9
_cTEXL
_2CC
999 _c1144788
_d1144788